Unscramble 15 Random Countries - Statistics

General Stats
  • This quiz has been taken 606 times
  • The average score is 12 of 15
Answer Stats
Letters Countries % Correct
NKAYE Kenya
99%
HIANC China
98%
ANPAAM Panama
98%
IZALRB Brazil
97%
ANHAG Ghana
97%
IXOCEM Mexico
97%
YALIT Italy
95%
LAPNE Nepal
95%
TAMLA Malta
94%
YURAAGAP Paraguay
94%
THIAI Haiti
93%
AHANKZSAKT Kazakhstan
91%
NEBNI Benin
90%
VOALIBI Bolivia
90%
NAGBO Gabon
90%
LDAOMVO Moldova
90%
DENSEW Sweden
89%
UNBTAH Bhutan
88%
LPNEIPISHPI Philippines
86%
IWTANA Taiwan
85%
IBNALAA Albania
83%
BAIRNAJZEA Azerbaijan
83%
SUIRAS Russia
83%
AUTNVUA Vanuatu
83%
NYRMEAG Germany
82%
UNAUR Nauru
82%
RILSAE Israel
81%
ITAIKRIB Kiribati
81%
EIRAMNA Armenia
80%
LGAOMNOI Mongolia
77%
IMBOACLO Colombia
76%
AELNNOB Lebanon
75%
ATEIRRE Eritrea
74%
NOCMOA Monaco
74%
IALAREG Algeria
73%
ORCMOSO Comoros
72%
RMKEADN Denmark
72%
SIANODEIN Indonesia
71%
TPINAKSA Pakistan
65%
COEDARU Ecuador
64%
HIOEAPTI Ethiopia
63%
LIADCEN Iceland
62%
DOANRAR Andorra
61%
AATSAIULR Australia
61%
TWASIEIN Eswatini
61%
HANTIAULI Lithuania
60%
OTASNEI Estonia
52%
OSIEGPARN Singapore
52%
ORNAMOCE Cameroon
50%
URNSHADO Honduras
46%
No matching quizzes found
Score Distribution
Percent of People with Each Score
Percentile by Number Answered
Your Score History
You have not taken this quiz